<?xml version="1.0" encoding="UTF-8"?>
<record
    xmlns:xsi="http://www.w3.org/2001/XMLSchema-instance"
    xsi:schemaLocation="http://www.loc.gov/MARC21/slim http://www.loc.gov/standards/marcxml/schema/MARC21slim.xsd"
    xmlns="http://www.loc.gov/MARC21/slim">

  <leader>00837nam a22001337a 4500</leader>
  <datafield tag="040" ind1=" " ind2=" ">
    <subfield code="c">RUA </subfield>
  </datafield>
  <datafield tag="082" ind1=" " ind2=" ">
    <subfield code="a">AGR TIT 2014 B458 Or.1</subfield>
  </datafield>
  <datafield tag="100" ind1=" " ind2=" ">
    <subfield code="a">TIT RATHANAK ; &#x1791;&#x17B7;&#x178F; &#x179A;&#x178F;&#x1793;&#x17C8;</subfield>
  </datafield>
  <datafield tag="245" ind1=" " ind2=" ">
    <subfield code="a">Cropping systems of krachor chab chili (Capsicum annuum) and bell pepper (Capsicumannum) of farmers in karmpong os commune, chhoul kiri district, kompong chhnang province, &#x1794;&#x17D2;&#x179A;&#x1796;&#x17D0;&#x1793;&#x17D2;&#x1792;&#x178A;&#x17C6;&#x17B6;&#x178A;&#x17BB;&#x17C7;&#x178A;&#x17C6;&#x178E;&#x17B6;&#x17C6;&#x1798;&#x17D2;&#x1791;&#x17C1;&#x179F;&#x1780;&#x17D2;&#x179A;&#x1785;&#x1780;&#x1785;&#x17B6;&#x1794; &#x1793;&#x17B7;&#x1784;&#x1798;&#x17D2;&#x1791;&#x17C1;&#x179F;&#x1794;&#x17D2;&#x179B;&#x17C4;&#x1780; &#x179A;&#x1794;&#x179F;&#x17CB;&#x1780;&#x179F;&#x17B7;&#x1780;&#x179A;&#x1793;&#x17C5;&#x1783;&#x17BB;&#x17C6;&#x1780;&#x17C6;&#x1796;&#x1784;&#x17CB;&#x17A2;&#x17BB;&#x179F; &#x179F;&#x17D2;&#x179A;&#x17BB;&#x1780;&#x1787;&#x179B;&#x1782;&#x17B7;&#x179A;&#x17B8; &#x1781;&#x17C1;&#x178F;&#x17D2;&#x178F;&#x1780;&#x17C6;&#x1796;&#x1784;&#x17CB;&#x1786;&#x17D2;&#x1793;&#x17C6;&#x17B6;&#x1784;</subfield>
  </datafield>
  <datafield tag="260" ind1=" " ind2=" ">
    <subfield code="a">Phnom Penh</subfield>
    <subfield code="b">RUA</subfield>
    <subfield code="c">2014</subfield>
  </datafield>
  <datafield tag="300" ind1=" " ind2=" ">
    <subfield code="a">ix ;38p.</subfield>
    <subfield code="b">ill.</subfield>
    <subfield code="c">29cm.</subfield>
  </datafield>
  <datafield tag="856" ind1=" " ind2=" ">
    <subfield code="u">https://drive.google.com/file/d/18GvFWZTswL5JynMdBW2UvHiWS-Qc-fX9/view?usp=sharing</subfield>
  </datafield>
  <datafield tag="942" ind1=" " ind2=" ">
    <subfield code="c">AGR</subfield>
  </datafield>
  <datafield tag="999" ind1=" " ind2=" ">
    <subfield code="c">7477</subfield>
    <subfield code="d">7477</subfield>
  </datafield>
  <datafield tag="952" ind1=" " ind2=" ">
    <subfield code="0">0</subfield>
    <subfield code="1">0</subfield>
    <subfield code="2">ddc</subfield>
    <subfield code="4">0</subfield>
    <subfield code="6">AGR_TIT_2014_000000000000000_B458_OR_1</subfield>
    <subfield code="7">0</subfield>
    <subfield code="9">44340</subfield>
    <subfield code="a">LBB</subfield>
    <subfield code="b">LBB</subfield>
    <subfield code="c">B458</subfield>
    <subfield code="d">2016-03-10</subfield>
    <subfield code="o">AGR TIT 2014 B458 Or.1</subfield>
    <subfield code="p">RUA056805</subfield>
    <subfield code="r">2016-03-10</subfield>
    <subfield code="w">2016-03-10</subfield>
    <subfield code="y">AGR</subfield>
  </datafield>
  <datafield tag="952" ind1=" " ind2=" ">
    <subfield code="0">0</subfield>
    <subfield code="1">0</subfield>
    <subfield code="2">ddc</subfield>
    <subfield code="4">0</subfield>
    <subfield code="6">AGR_TIT_2014_000000000000000_B458_OR_2</subfield>
    <subfield code="7">0</subfield>
    <subfield code="9">44341</subfield>
    <subfield code="a">LBB</subfield>
    <subfield code="b">LBB</subfield>
    <subfield code="c">B458</subfield>
    <subfield code="d">2016-03-10</subfield>
    <subfield code="o">AGR TIT 2014 B458 Or.2</subfield>
    <subfield code="p">RUA056937</subfield>
    <subfield code="r">2016-03-10</subfield>
    <subfield code="w">2016-03-10</subfield>
    <subfield code="y">AGR</subfield>
  </datafield>
  <datafield tag="952" ind1=" " ind2=" ">
    <subfield code="0">0</subfield>
    <subfield code="1">0</subfield>
    <subfield code="2">ddc</subfield>
    <subfield code="4">0</subfield>
    <subfield code="6">AGR_TIT_2014_000000000000000_B458_OR_3</subfield>
    <subfield code="7">0</subfield>
    <subfield code="9">44342</subfield>
    <subfield code="a">LBB</subfield>
    <subfield code="b">LBB</subfield>
    <subfield code="c">B458</subfield>
    <subfield code="d">2016-03-10</subfield>
    <subfield code="o">AGR TIT 2014 B458 Or.3</subfield>
    <subfield code="p">RUA056817</subfield>
    <subfield code="r">2016-03-10</subfield>
    <subfield code="w">2016-03-10</subfield>
    <subfield code="y">AGR</subfield>
  </datafield>
  <datafield tag="952" ind1=" " ind2=" ">
    <subfield code="0">0</subfield>
    <subfield code="1">0</subfield>
    <subfield code="2">ddc</subfield>
    <subfield code="4">0</subfield>
    <subfield code="6">AGR_TIT_2014_000000000000000_B458_OR_4</subfield>
    <subfield code="7">0</subfield>
    <subfield code="9">44343</subfield>
    <subfield code="a">LBB</subfield>
    <subfield code="b">LBB</subfield>
    <subfield code="c">B458</subfield>
    <subfield code="d">2016-03-10</subfield>
    <subfield code="l">2</subfield>
    <subfield code="o">AGR TIT 2014 B458 Or.4</subfield>
    <subfield code="p">RUA056877</subfield>
    <subfield code="r">2016-05-04</subfield>
    <subfield code="s">2016-04-21</subfield>
    <subfield code="w">2016-03-10</subfield>
    <subfield code="y">AGR</subfield>
  </datafield>
  <datafield tag="952" ind1=" " ind2=" ">
    <subfield code="0">0</subfield>
    <subfield code="1">0</subfield>
    <subfield code="2">ddc</subfield>
    <subfield code="4">0</subfield>
    <subfield code="6">AGR_TIT_2014_000000000000000_B458_OR_5</subfield>
    <subfield code="7">0</subfield>
    <subfield code="9">44344</subfield>
    <subfield code="a">LBB</subfield>
    <subfield code="b">LBB</subfield>
    <subfield code="c">B458</subfield>
    <subfield code="d">2016-03-10</subfield>
    <subfield code="o">AGR TIT 2014 B458 Or.5</subfield>
    <subfield code="p">RUA055997</subfield>
    <subfield code="r">2016-03-10</subfield>
    <subfield code="w">2016-03-10</subfield>
    <subfield code="y">AGR</subfield>
  </datafield>
  <datafield tag="952" ind1=" " ind2=" ">
    <subfield code="0">0</subfield>
    <subfield code="1">0</subfield>
    <subfield code="2">ddc</subfield>
    <subfield code="4">0</subfield>
    <subfield code="6">AGR_TIT_2014_000000000000000_B458_OR_6</subfield>
    <subfield code="7">0</subfield>
    <subfield code="9">44345</subfield>
    <subfield code="a">LBB</subfield>
    <subfield code="b">LBB</subfield>
    <subfield code="c">B458</subfield>
    <subfield code="d">2016-03-10</subfield>
    <subfield code="o">AGR TIT 2014 B458 Or.6</subfield>
    <subfield code="p">RUA055558</subfield>
    <subfield code="r">2016-03-10</subfield>
    <subfield code="w">2016-03-10</subfield>
    <subfield code="y">AGR</subfield>
  </datafield>
  <datafield tag="952" ind1=" " ind2=" ">
    <subfield code="0">0</subfield>
    <subfield code="1">0</subfield>
    <subfield code="2">ddc</subfield>
    <subfield code="4">0</subfield>
    <subfield code="6">AGR_TIT_2014_000000000000000_B458_OR_7</subfield>
    <subfield code="7">0</subfield>
    <subfield code="9">44346</subfield>
    <subfield code="a">LBB</subfield>
    <subfield code="b">LBB</subfield>
    <subfield code="c">B458</subfield>
    <subfield code="d">2016-03-10</subfield>
    <subfield code="o">AGR TIT 2014 B458 Or.7</subfield>
    <subfield code="p">RUA056757</subfield>
    <subfield code="r">2016-03-10</subfield>
    <subfield code="w">2016-03-10</subfield>
    <subfield code="y">AGR</subfield>
  </datafield>
  <datafield tag="952" ind1=" " ind2=" ">
    <subfield code="0">0</subfield>
    <subfield code="1">0</subfield>
    <subfield code="4">0</subfield>
    <subfield code="6">AGR_TIT_2014_000000000000000_B433_OR_1</subfield>
    <subfield code="7">0</subfield>
    <subfield code="9">87056</subfield>
    <subfield code="a">LBB</subfield>
    <subfield code="b">LBB</subfield>
    <subfield code="c">B433</subfield>
    <subfield code="d">2021-10-11</subfield>
    <subfield code="l">3</subfield>
    <subfield code="o">AGR TIT 2014 B433 Or.1</subfield>
    <subfield code="p">a066579</subfield>
    <subfield code="r">2024-11-05</subfield>
    <subfield code="s">2024-10-07</subfield>
    <subfield code="y">AGR</subfield>
  </datafield>
</record>
